000 00781nam a2200253 a 4500
001 12862
003 BD RJUL
005 20211208235352.0
008 140129r1990 1989enk 001 0 eng d
020 _a0415058376
035 _aBD RJUL 12912
040 _aBD-RjUL
_beng
_cBD-RjUL
_dBD RJUL
041 _aeng
082 _a362.22
_bTRE 1990
245 0 0 _aTreating drug abusers /
_cedited by Gerald Bennett
260 _aLondon :
_bTavistock/Routledge,
_c1990.
300 _a201 p. :
_c23 cm.
504 _aIncludes bibliographical references and index
650 0 _aCommunity mental health services
_940077
650 0 _aDrug abuse
_xTreatment
_921778
650 0 _aDrug addicts
_xMental health services
_940078
700 1 _aBennett, Gerald,
_d1951-
_940079
942 _2ddc
_cBK
999 _c12862
_d12862